Designing for human behavior: architecture and the behavioral sciences. (Record no. 5052)
[ view plain ]
| 000 -LEADER | |
|---|---|
| fixed length control field | 00569pam a2200181 4500 |
| 020 ## - INTERNATIONAL STANDARD BOOK NUMBER | |
| ISBN | 0879330546 |
| 050 00 - CALL NUMBER | |
| Classification number | NA2750 |
| Item number | .D42 |
| 245 00 - TITLE | |
| Title | Designing for human behavior: architecture and the behavioral sciences. |
| Statement of responsibility, etc | Edited by Jon Lang [and others] |
| 260 ## - PUBLICATION INFORMATION | |
| Place of publication | Stroudsburg, Pa., |
| Name of publisher | Dowden, Hutchinson & Ross |
| Year of publication | [1974] |
| 300 ## - DESCRIPTION | |
| Number of Pages | xiii, 353 p. |
| Other physical details | illus. |
| Dimensions | 25 cm. |
| 650 #0 - SUBJECTS | |
| Topical Term | Architectural design. |
| 650 #0 - SUBJECTS | |
| Topical Term | Architecture |
| General subdivision | Psychological aspects. |
| 650 #2 - SUBJECTS | |
| Topical Term | Architecture. |
| 650 #2 - SUBJECTS | |
| Topical Term | Behavior. |
| 650 #2 - SUBJECTS | |
| Topical Term | Environment. |
| 700 1# - OTHER AUTHORS | |
| Personal name | Lang, Jon T., |
| 942 ## - ADDED ENTRY ELEMENTS (KOHA) | |
| Koha item type | Books |
| Withdrawn status | Lost status | Home library | Current library | Date acquired | Full call number | Accession Number | Koha item type |
|---|---|---|---|---|---|---|---|
| Methodist University Library Wenchi Faculty | Methodist University Library Wenchi Faculty | 17/04/2019 | NA2750 .D42 | 6275 | Books |